000 01003nam a2200229Ia 4500
999 _c37944
_d37944
001 3925
003 GE_BSU
005 20190916160931.0
008 181216s1987||||ge |||||||||||||| ||geo||
040 _cGE_BSU
041 _ageo
080 _a343.148(075.8) გ–96
100 _aგურგენიძე, გ.
_92980
245 _aსასამართლო ბუხჰალტერია :
_bსახელმძღვ. უნ-ტის იურიდ. ფაკ. სტუდ. /
_cრედ.: ა. ფალიაშვილი, გ. ექვთიმიშვილი.
264 _a თბ. :
_bთბილ. უნ-ტის გამ-ბა,
_c1987.
300 _a380 გვ. ;
_b23 სმ.
653 _aსამართალი
653 _aეკონომიკა
700 _aფალიაშვილი, ა.
_eრედაქტორი
_94030
700 _aექვთიმიშვილი, გ.
_eრედაქტორი
_94031
942 _cBK
_2udc